01270nam a2200301Ia 4500001001200000003000800012006001900020007001500039008004100054020004300095020001800138020004000156040002100196035002100217050002500238082001700263100002100280245010800301260008300409300001100492504005100503533015200554650005500706651003500761655002900796710001700825856012600842ebr10573960CaPaEBRm u cr cn|||||||||110407s2011 nyu sb s001 0 eng d z9781438440330 (hardcover : alk. paper) z9781438440354 z1438440332 (hardcover : alk. paper) aCaPaEBRcCaPaEBR a(OCoLC)77536122614aF129.N48bB87 2011eb04a974.7/372221 aBush, Clesson S.10aEpisodes from a Hudson River townh[electronic resource] :bNew Baltimore, New York /cClesson S. Bush. aAlbany, N.Y. :bExcelsior Editions/State University of New York Press,cc2011. a268 p. aIncludes bibliographical references and index. aElectronic reproduction.bPalo Alto, Calif. :cebrary,d2011.nAvailable via World Wide Web.nAccess may be limited to ebrary affiliated libraries. 0aCities and townszNew York (State)zNew Baltimore. 0aNew Baltimore (N.Y.)xHistory. 7aElectronic books.2local2 aebrary, Inc.40uhttp://site.ebrary.com/lib/rucke/Doc?id=10573960zAn electronic book accessible through the World Wide Web; click to view